000
00338 a2200157 4500
001
62706
020
_a
9788576780854
040
_c
Anchieta - Pituba
100
_a
Santos, Wildson Luiz Pereira
240
1
0
_a
Química Cidadã
_l
por
245
1
0
_a
Química Cidadã
300
_a
384
362
0
_a
2010
650
4
_a
Química
942
_c
BK
999
_c
62706
_d
62706